The effects of online service level on consumer purchase intention ; the case of Copperbellt University students (Record no. 84139)

MARC details
000 -LEADER
fixed length control field 00909 a2200253 4500
003 - CONTROL NUMBER IDENTIFIER
control field CBULib
005 - DATE AND TIME OF LATEST TRANSACTION
control field 20240129083804.0
008 - FIXED-LENGTH DATA ELEMENTS--GENERAL INFORMATION
fixed length control field 240123b |||||||| |||| 00| 0 eng d
040 ## - CATALOGING SOURCE
Original cataloging agency CBULib
Language of cataloging English
Transcribing agency CBULib
Modifying agency CBUlib
Description conventions rda
050 ## - LIBRARY OF CONGRESS CALL NUMBER
Classification number CBU-PG THESIS/MAN
100 ## - MAIN ENTRY--PERSONAL NAME
Personal name Manda, David
9 (RLIN) 2125
245 ## - TITLE STATEMENT
Title The effects of online service level on consumer purchase intention ; the case of Copperbellt University students
Statement of responsibility, etc / by Davie Manda
260 ## - PUBLICATION, DISTRIBUTION, ETC. (IMPRINT)
Name of publisher, distributor, etc Copperbelt University,
Date of publication, distribution, etc 2023
Place of publication, distribution, etc Kitwe :
300 ## - PHYSICAL DESCRIPTION
Extent ix ,122pages : illustrations
336 ## - CONTENT TYPE
Source rdacontent
Content type term Text |
Content type code txt
337 ## - MEDIA TYPE
Source rdamedia
Media type term Unmediated |
Media type code n
338 ## - CARRIER TYPE
Source rdacarrier
Carrier type term Volume
Carrier type code nc
500 ## - GENERAL NOTE
General note includes bibliographical references and appendices
650 #0 - SUBJECT ADDED ENTRY--TOPICAL TERM
9 (RLIN) 2126
Topical term or geographic name as entry element ONLINE SERVICES
650 #0 - SUBJECT ADDED ENTRY--TOPICAL TERM
9 (RLIN) 585
Topical term or geographic name as entry element CONSUMER BEHAVIOUR
650 #0 - SUBJECT ADDED ENTRY--TOPICAL TERM
9 (RLIN) 2127
Topical term or geographic name as entry element CONSUMER PURCHASE INTENTION
650 #0 - SUBJECT ADDED ENTRY--TOPICAL TERM
9 (RLIN) 2128
Topical term or geographic name as entry element COPPERBELT UNIVERSITY
942 ## - ADDED ENTRY ELEMENTS (KOHA)
Source of classification or shelving scheme
Koha item type UNIVERSITY COLLECTION
Holdings
Withdrawn status Lost status Source of classification or shelving scheme Damaged status Not for loan Permanent Location Current Location Shelving location Date acquired Source of acquisition Full call number Barcode Date last seen Price effective from Koha item type
          CBU-MAIN LIBRARY, KITWE. CBU-MAIN LIBRARY, KITWE. Special Collections 01/23/2024 DEP-CBU/01/2024 CBU-PG/THESIS/MAN B92534 01/23/2024 01/23/2024 UNIVERSITY COLLECTION